000 01522nam a2200229 4500
005 20161219122106.0
008 160426s1876 sp a|||fr|||| 001 0 spa d
040 _aCO-BoUCM
_bspa
_cSandra Yazo
_dSandra Yazo
041 0 4 _aspa
082 0 4 _220
_a860
092 _aE41N008
100 1 _aSalcedo y Ruiz, Angel
_d1859-1921
_976861
245 1 0 _aResumen histórico-crítico de la literatura española
_bsegún los estudios y descubrimientos más recientes
_cpor Ángel Salcedo y Ruiz
260 _aMadrid (España)
_bSaturnino Calleja Fernandez
_c1876
300 _a446 páginas
_c23 x 16 cm.
500 _aDetalles físicos: Encuadernación rígida en cartón forrado en tela. Tapas y lomo con repujados en dorado, la tapa posterior solo repujada con un sello central. Guardas. Anteportada. Portada impresa en una sola tinta. Cenefa. Texto impreso en una columna, notas al pie de página, varias ilustraciones de escritores españoles entre el texto. Papel con algunas manchas. Residuos de cinta, lomo con abollonadura
505 2 _aAl lector ; Precedentes ante-romanos ; El latinismo ; Los romances y las primeras manifestaciones literarias ; Los primitivos ; La segunda Edad Media ; El siglo de oro: La novela , la didáctica , poesía épica y lírica, literatura religiosa ; el teatro ; El siglo XVIII ; Nuestra literatura moderna
506 _aConsulta en sala
650 7 _952965
_aLiteratura española
_x Historia y crítica
690 _aLiteratura europea
_926524
942 _2LOCAL
_cLIBRO
_e1
_hE41N008
999 _c305734
_d305734